00653nam a2200193 i 4500003000900000005001700009007000300026008004100029040003000070082001400100100004300114245009000157264006600247300002800313336002700341337003400368338002800402504002900430DO-SdBNP20240909091026.0ta240909s1962 cu 000 j spa d aDO-SdBNPbspacBNPHUerda bG633R2221 aRodríguez Rodríguez, Amaliaeautor10aAlgunos documentos políticos de Máximo Gómez / cAmalia Rodríguez Rodríguez 1aLa Habana, Cuba :bBiblioteca Nacional José Martí,c1962. a51 páginas, c23 cm. 2rdacontentatextobtxt 2rdamediaasin mediación bn 2rdacarrieravolumenbnc aBibliografía p: 49-51.